000 00737cam a22002294a 4500
020 _a2762126428
040 _cDLC
082 0 0 _a362 FID 2005 A073 Or.
245 0 0 _a100 idées citoyennes pour un Québec en santé /
246 1 0 _aCent idées citoyennes pour un Québec en santé
260 _a[Montreal] :
_bFides,
_cc2005.
300 _a94 p. :
_bill. ;
_c19 cm.
500 _a"Supplément de l'annuaire du Québec"--T.p. verso.
500 _a"Publié en collaboration avec: L'Institut du nouveau monde"--T.p. verso.
650 0 _aMedical care
650 0 _aPublic health
650 0 _aPublic health
650 0 _aNational health services
700 1 _aVenne, Michel,
710 2 _aInstitut du Nouveau Monde.
942 _cEK
999 _c15001
_d15001